| 000 | 00700nam a2200181 a 4500 | ||
|---|---|---|---|
| 001 | 3714 | ||
| 003 | CDMR | ||
| 005 | 20130516193504.0 | ||
| 008 | 130130s1999||||||||||||||||||||||||||||d | ||
| 040 |
_aCDMR _bcat _cCDMR |
||
| 111 | 2 |
_aCongreso Iberoamericano de Periodistas Especializados y Técnicos _cBarcelona _d1999 _n6è _966 |
|
| 245 | 1 | 0 |
_aCIPET '99 _b: 6º Congreso Iberoamericano de Periodistas Especializados y Técnicos : Barcelona, 10, 11 y 12 de febrero de 1999 |
| 260 |
_a[Barcelona] _c1999 _bAIPET |
||
| 650 | 0 | 4 |
_93330 _aPeriodisme especialitzat |
| 650 | 0 | 4 |
_93445 _aPeriodisme _xCongressos |
| 710 | 2 |
_9328 _aAsociación Iberoamericana de Periodistas Especializados y Técnicos |
|
| 942 |
_cMON _2udc |
||
| 999 |
_c3714 _d3714 |
||